00406nam a22001097a 4500041000800000082001500008100002200023245011800045260005800163300000800221650006700229 aENG a236.2bRAJ aRajakumar, Joseph a Rediscovering rebirth and discipleship in baptism : in the light of patristic writings and Hindu initiation rite aBengaluru, bIndia : Asian Trading Corporation,c2017 a307 aReincarnation -- Christianity.aReincarnation -- Christianity.